| Tag |
First Indicator |
Second Indicator |
Subfields |
| LEADER |
00000cam a2200000 a 4500 |
| 001 |
in00001229613 |
| 005 |
20151003063216.0 |
| 008 |
950510s1995 enkabc 001 0beng d |
| 010 |
|
|
|a gb 95030428
|
| 015 |
|
|
|a GB95-30428
|
| 019 |
|
|
|a 32271517
|
| 020 |
|
|
|a 0198204051 :
|c £25.00 : Formerly CIP
|
| 035 |
|
|
|a (OCoLC)32275703
|
| 035 |
|
|
|9 AGS9772AM
|
| 040 |
|
|
|a UKM
|c UKM
|d CIN
|d TXA
|d UtOrBLW
|
| 043 |
|
|
|a e-uk---
|
| 049 |
|
|
|a TXAM
|
| 082 |
0 |
4 |
|a 941.081092
|2 20
|
| 090 |
|
|
|a DA563.4
|b .M382 1995
|
| 100 |
1 |
|
|a Matthew, H. C. G.
|q (Henry Colin Gray)
|
| 245 |
1 |
0 |
|a Gladstone 1875-1898 /
|c H.C.G. Matthew.
|
| 264 |
|
1 |
|a Oxford :
|b Oxford University Press,
|c 1995.
|
| 300 |
|
|
|a xi, 421 pages, 17 unnumbered pages of plates :
|b illustrations, map, portraits ;
|c 24 cm.
|
| 336 |
|
|
|a text
|b txt
|2 rdacontent
|
| 337 |
|
|
|a unmediated
|b n
|2 rdamedia
|
| 338 |
|
|
|a volume
|b nc
|2 rdacarrier
|
| 504 |
|
|
|a Includes bibliographical references and index.
|
| 500 |
|
|
|a Brief chronology 1875-1898--pages [397]-400.
|
| 600 |
1 |
4 |
|a Gladstone, W. E.
|q (William Ewart),
|d 1809-1898.
|
| 650 |
|
0 |
|a Prime ministers
|z Great Britain
|v Biography.
|
| 653 |
0 |
|
|a Politics
|
| 653 |
0 |
|
|a Great Britain
|
| 999 |
|
|
|a MARS
|
| 999 |
f |
f |
|s 0cc58c8b-3a44-31c6-b3ff-edab6f91dad5
|i 8413025e-505a-3819-bfd1-d3a8712acd90
|t 0
|
| 952 |
f |
f |
|p ric
|a Texas A&M University
|b Rellis Campus
|c Joint Library Facility
|s JLF
|d Remote Storage
|t 0
|e DA563.4 .M382 1995
|h Library of Congress classification
|i unmediated -- volume
|m A14818998840
|
| 998 |
f |
f |
|a DA563.4 .M382 1995
|t 0
|l Remote Storage
|